| 000 | 00375nam a2200157Ia 4500 | ||
|---|---|---|---|
| 003 | OSt | ||
| 008 | 191201s2005 xx 000 0 und d | ||
| 020 | _a9780195620535 | ||
| 100 | _aTHOMSON, A J | ||
| 245 | 2 | _aA Practical English Grammar | |
| 250 | _a4th | ||
| 260 |
_aNew Delhi _bOxford Universty Press _c2005 |
||
| 300 | _a384 pages | ||
| 650 | _aApplied | ||
| 942 |
_2ddc _cBK |
||
| 999 |
_c1006 _d1006 |
||